000 00293nam a2200145Ia 4500
100 _aShahane
942 _cBK
654 _amatrices
245 _aMatrices
260 _bEngineeing book pub .co
_aPune
_c1968
082 _a512.9432
_bSHA
300 _a376
546 _aENGLISH
999 _c21166
_d21166